| 000 | 01075nam a22002177a 4500 | ||
|---|---|---|---|
| 999 |
_c10217 _d10217 |
||
| 003 | AR-CdUCM | ||
| 008 | 190329b ||||| |||| 00| 0 spa d | ||
| 040 |
_aMUNICIPALIDAD PROVINCIAL DEL CUSCO _cBIBLIOTECA MUNICIPAL DEL CUSCO |
||
| 082 |
_a348.31 / _bC81 / 1946 |
||
| 110 |
_aMisterio de Fomento _926934 |
||
| 245 |
_aContrato de Sechura : _by documentos conexos 1946 / |
||
| 260 |
_aLima : _bDirección de Minas y Petroleo, _c1946. |
||
| 300 |
_aXXXIV, 179 páginas ; _bilustraciones, mapa, tablas, _c24 cm. |
||
| 440 |
_aBoletín oficial de la Dirección de Minas y Petroleo. _n80 _926935 |
||
| 505 | _aContenido: Exposición sobre el contrato de Sechura -- Contrato AD-Referendum celebrado entre el supremo Gobierno y la Internacional Petroleum company Limited -- Resoluciones y informaciones complementarias -- Contrato entre el Gobierno Peruano y de Bataafsche Petroleum Maatshappij, sobre la reserva de Sechura ... | ||
| 650 |
_aEconomía Peruana _98416 |
||
| 650 |
_aReservas naturales _926936 |
||
| 650 |
_aPetroleo. _91700 |
||
| 942 |
_2ddc _cLIBROS |
||
| 945 | _aachl | ||